00805 a2200229 450000500170000000800410001702000180005804000680007604100080014406000110015210000210016324500830018424600280026725000110029526000510030630000610035750400530041865000380047165000200050965000230052970000230055220180313061554.0130913s2009 xxuado fr|||| 001 0 eng d a9780071499927 aCO-BoUCMbspacJose A. Gerena (modificó)dAldemar Mondragón00aeng aWL 1001 aRopper, Allan H.10aAdams and Victor's principles of neurologycAllan H. Ropper, Martin A. Samuels20aPrinciples of neurology a9th ed c2009bMcGraw-HillaNueva York (Estados Unidos) ax, 1572 páginasbilustraciones, cuadros, fotografías aIncluye referencias bibliográficas e índices 2aEnfermedades del sistema nervioso 2aNeuroanatomía 2aNeuropsiquiatría1 aSamuels, Martin A.